000 00616nam a2200217Ia 4500
005 20250923145718.0
008 008 250917s9999 xx 000 0 eng d
037 _aTextual
040 _aDSWL
_beng
_cDSWL
041 _aeng
_2eng
084 _aX:77.41, N81
_qDSWL
100 _aGriffin, K.
_9838223
245 0 _aGrowth and equality in rural, China
_c by K. Griffin
260 _aBangkok
_bAsian Empl. Programme (Artep)
_c1981
300 _a166p.
365 _aINR
_b63.00
700 _a Saith
_9838224
925 _g63.00
942 _cTEXL
_hX:77.41, N81
999 _c1454658
_d1454658